000 00264nam a22001097a 4500
008 170117b xxu||||| |||| 00| 0 eng d
020 _a9781416026402
041 _aeng
080 _24TH
_a618.2
245 _aUNDERSTANDING NURSING RESEARCH
_cBURNS, N
942 _2udc
_cBK
999 _c2992
_d2992